Physical pharmacy : (Record no. 12730)
[ view plain ]
| 000 -LEADER | |
|---|---|
| fixed length control field | 01107cam a2200313 a 4500 |
| 001 - CONTROL NUMBER | |
| control field | 12730 |
| 003 - CONTROL NUMBER IDENTIFIER | |
| rucl marc code | BD-RjUL |
| 005 - DATE AND TIME OF LATEST TRANSACTION | |
| control field | 20211208235340.0 |
| 008 - FIXED-LENGTH DATA ELEMENTS--GENERAL INFORMATION | |
| fixed length control field | 920710s1993 ii a 001 0 eng c |
| 020 ## - INTERNATIONAL STANDARD BOOK NUMBER | |
| International Standard Book Number | 0781735335 |
| 035 ## - SYSTEM CONTROL NUMBER | |
| System control number | (BD-RjUL)12780 |
| 040 ## - CATALOGING SOURCE | |
| Original cataloging agency | DNLM/DLC |
| Transcribing agency | DLC |
| Modifying agency | DLC |
| -- | BD-RjUL |
| Language of cataloging | eng |
| 041 ## - LANGUAGE CODE | |
| Language code of text/sound track or separate title | eng |
| 060 ## - NATIONAL LIBRARY OF MEDICINE CALL NUMBER | |
| Classification number | QD 453.2 M379p |
| 082 00 - DEWEY DECIMAL CLASSIFICATION NUMBER | |
| Edition number | 23 |
| Classification number | 615.19 |
| Author mark and year | MAP 2005 |
| 100 1# - MAIN ENTRY--PERSONAL NAME | |
| Personal name | Martin, Alfred N. |
| 9 (RLIN) | 39654 |
| 245 10 - TITLE STATEMENT | |
| Title | Physical pharmacy : |
| Remainder of title | physical chemical principles in the pharmaceutical sciences / |
| Statement of responsibility, etc. | Alfred Martin ; with the participation of Pilar Bustamante and with illustrations by A.H.C. Chun. |
| 250 ## - EDITION STATEMENT | |
| Edition statement | 4th ed. |
| 260 ## - PUBLICATION, DISTRIBUTION, ETC. (IMPRINT) | |
| Place of publication, distribution, etc. | Philadelphia : |
| Name of publisher, distributor, etc. | Wilkins, |
| Date of publication, distribution, etc. | c2001 [Reprint 2005]. |
| 300 ## - PHYSICAL DESCRIPTION | |
| Pagination | ix, 622 p. : |
| Illustrations | ill. ; |
| Size | 28 cm. |
| 504 ## - BIBLIOGRAPHY, ETC. NOTE | |
| Bibliography, etc | Includes bibliographical references and index. |
| 650 #0 - SUBJECT ADDED ENTRY--TOPICAL TERM | |
| Topical term or geographic name as entry element | Pharmaceutical chemistry. |
| 9 (RLIN) | 39655 |
| Topical term or geographic name as entry element | Chemistry, Physical and theoretical. |
| 9 (RLIN) | 39656 |
| Topical term or geographic name as entry element | Chemistry, Pharmaceutical. |
| 9 (RLIN) | 39657 |
| Topical term or geographic name as entry element | Chemistry, Physical. |
| 9 (RLIN) | 39658 |
| 700 1# - ADDED ENTRY--PERSONAL NAME | |
| Personal name | Bustamante, Pilar. |
| 942 ## - ADDED ENTRY ELEMENTS (KOHA) | |
| Source of classification or shelving scheme | Dewey Decimal Classification |
| Koha item type | Books |
| Lost status | Source of classification or shelving scheme | Damaged status | Not for loan | Collection code | Permanent Location | Current Location | Shelving location | Date acquired | Source of acquisition | Cost, normal purchase price | Total Checkouts | Full call number | Date last seen | Copy number | Koha item type |
|---|---|---|---|---|---|---|---|---|---|---|---|---|---|---|---|
| Dewey Decimal Classification | Non-fiction | Central Library, University of Rajshahi | Central Library, University of Rajshahi | Documentation Section | 05/10/2005 | Paragon Ent., Dhaka | 64.95 | 615.19 MAP 2005 | 29/01/2014 | C-1 | Books | ||||
| Dewey Decimal Classification | Non-fiction | Central Library, University of Rajshahi | Central Library, University of Rajshahi | 05/10/2005 | Dhaka, Paragon Enterprises | 64.95 | 615.19 MAP 2005 | 06/06/2017 | C-2 | Books | |||||
| Dewey Decimal Classification | Non-fiction | Central Library, University of Rajshahi | Central Library, University of Rajshahi | 05/10/2005 | Dhaka, Paragon Enterprises | 64.95 | 615.19 MAP 2005 | 06/06/2017 | C-3 | Books |